Southville International School and Colleges
Your cart is empty.
  • Cart
  • Lists
    Public lists Eva Luna New books Lux_list list_1
    Your lists Log in to create your own lists
  • Log in to your account
  • Your cookies
  • Search history
Southville International School and Colleges
  • Advanced search
  • Recent comments
  • Most popular
  • Libraries

Log in to your account

Log in with GOOGLE


If you do not have an external account, but do have a local account, you can still log in:

  1. Home
  2. MARC view: Gods and Myths of ancient Greece /
Normal view MARC view ISBD view

Gods and Myths of ancient Greece / (Record no. 10654)

[ view plain ]
MARC details
000 -LEADER
fixed length control field 00620nam a22002177a 4500
003 - CONTROL NUMBER IDENTIFIER
control field OSt
005 - DATE AND TIME OF LATEST TRANSACTION
control field 20140310182218.0
008 - FIXED-LENGTH DATA ELEMENTS--GENERAL INFORMATION
fixed length control field 130909t xxu||||| |||| 00| 0 eng d
020 ## - INTERNATIONAL STANDARD BOOK NUMBER
International Standard Book Number 9781840133509
050 ## - LIBRARY OF CONGRESS CALL NUMBER
Classification number DF 289
Item number .B2611999
082 ## - DEWEY DECIMAL CLASSIFICATION NUMBER
Classification number HS 292.1
Item number B26 1999
100 ## - MAIN ENTRY--PERSONAL NAME
Personal name Barnett, Mary
9 (RLIN) 17175
245 ## - TITLE STATEMENT
Title Gods and Myths of ancient Greece /
Statement of responsibility, etc Mary Barnett
260 ## - PUBLICATION, DISTRIBUTION, ETC. (IMPRINT)
Place of publication, distribution, etc Singapore :
Name of publisher, distributor, etc Grange Books,
Date of publication, distribution, etc 1999.
300 ## - PHYSICAL DESCRIPTION
Extent 111 p.,
Other physical details ill. (col.)
Dimensions 32 cm.
650 ## - SUBJECT ADDED ENTRY--TOPICAL TERM
Topical term or geographic name as entry element Mythology,classical
9 (RLIN) 17133
650 ## - SUBJECT ADDED ENTRY--TOPICAL TERM
Topical term or geographic name as entry element Greece
9 (RLIN) 17176
650 ## - SUBJECT ADDED ENTRY--TOPICAL TERM
Topical term or geographic name as entry element Dixon, Michael
9 (RLIN) 17177
942 ## - ADDED ENTRY ELEMENTS (KOHA)
Source of classification or shelving scheme Library of Congress Classification
Koha item type
Holdings
Withdrawn status Lost status Source of classification or shelving scheme Damaged status Home library Current library Shelving location Date acquired Total Checkouts Full call number Barcode Date last seen Date checked out Copy number Price effective from Koha item type
    Library of Congress Classification   Luxembourg Library Luxembourg Library High School Section 09/09/2013 1 DF 289 .B261 1999 9349 09/28/2018 09/19/2018 1 09/09/2013 Books

Gods and Myths of ancient Greece /

APA

Barnett M., . (1999). Gods and Myths of ancient Greece. Singapore: Grange Books.

Chicago

Barnett Mary, . 1999. Gods and Myths of ancient Greece. Singapore: Grange Books.

Harvard

Barnett M., . (1999). Gods and Myths of ancient Greece. Singapore: Grange Books.

MLA

Barnett Mary, . Gods and Myths of ancient Greece. Singapore: Grange Books. 1999.

  • Place hold
  • Print
  • Cite
  • Add to your cart (remove)
  • Save record
    BIBTEX Dublin Core MARCXML MARC (non-Unicode/MARC-8) MARC (Unicode/UTF-8) MARC (Unicode/UTF-8, Standard) MODS (XML) RIS
  • More searches
    Search for this title in:
    Other Libraries (WorldCat) Other Databases (Google Scholar) Online Stores (Bookfinder.com) Open Library (openlibrary.org)

Exporting to Dublin Core...

SOUTHVILLE LIBRARY

Southville International School and Colleges Library

1281 Tropical Ave. Cor. Luxembourg St., BF Homes International, Las Pinas City

Tel. No. 8256374 / 252358 Loc. 117/146

Powered by Koha